Implementación de conceptos de construcción flexible a empresas constructoras de Costa Rica
Uloženo v:
| Hlavní autor: | |
|---|---|
| Médium: | Kniha |
| Vydáno: |
[San José, Costa Rica]
2005
|
| Témata: | |
| Tagy: |
Přidat tag
Žádné tagy, Buďte první, kdo vytvoří štítek k tomuto záznamu!
|
MARC
| LEADER | 00000nam a2200000Ia 4500 | ||
|---|---|---|---|
| 003 | 009555 | ||
| 005 | 20221231144129.0 | ||
| 008 | 140114s2005 cr a m 000 ||s d | ||
| 040 | |c cru CEDI | ||
| 090 | |a TFG 5095 | ||
| 100 | |a Fernández Fonseca, Joel |9 5952 | ||
| 245 | |a Implementación de conceptos de construcción flexible a empresas constructoras de Costa Rica | ||
| 260 | |c 2005 |a [San José, Costa Rica] | ||
| 300 | |a 103 hojas, (1 plegables) : ilustraciones (algunas a color) | ||
| 500 | |a Proyecto de investigación (licenciatura en ingeniería civil)--Universidad de Costa Rica. Facultad de Ingeniería. Escuela de Ingeniería Civil | ||
| 650 | |x INDUSTRIA DE LA CONSTRUCCION |x ADMINISTRACION DE PROYECTOS |x PROCESOS DE MANUFACTURA |x SISTEMAS DE CONTROL |x CONTROL DE PROCESOS |9 5953 | ||
| 942 | |c TFG | ||
| 999 | |c 17328 |d 17328 | ||
